| 000 | 00332nam a22001337a 4500 | ||
|---|---|---|---|
| 020 | _a0-86163-588-4 | ||
| 082 |
_a823 _bBLY/M |
||
| 100 | _aENID BLYTON | ||
| 245 | _aMR.ICY COLD AND OTHER STORIES | ||
| 260 |
_aLONDON _bAWARD PUBLICATIONS LIMITED _c1993 |
||
| 300 | _a192 | ||
| 650 |
_aCHILDREN'S STORY BOOK _zUNITED KINGDOM |
||
| 942 | _cBK | ||
| 999 |
_c135 _d135 |
||